100 GREATEST IDEAS FOR SMART DECISION MA (Record no. 17642)
[ view plain ]
| 000 -LEADER | |
|---|---|
| fixed length control field | 00368nam a2200145Ia 4500 |
| 008 - FIXED-LENGTH DATA ELEMENTS--GENERAL INFORMATION | |
| fixed length control field | 240624s9999 xx 000 0 und d |
| 041 ## - LANGUAGE CODE | |
| Language code of text/sound track or separate title | eng |
| 082 ## - DEWEY DECIMAL CLASSIFICATION NUMBER | |
| Classification number | 658.403 ADA |
| 100 ## - MAIN ENTRY--PERSONAL NAME | |
| Personal name | ADAIR JOHN |
| 245 ## - TITLE STATEMENT | |
| Title | 100 GREATEST IDEAS FOR SMART DECISION MA |
| 250 ## - EDITION STATEMENT | |
| Edition statement | 11 |
| 260 ## - PUBLICATION, DISTRIBUTION, ETC. | |
| Date of publication, distribution, etc. | 2011 |
| Place of publication, distribution, etc. | United Kingdom |
| Name of publisher, distributor, etc. | Capstone |
| 300 ## - PHYSICAL DESCRIPTION | |
| Extent | x, : 221 : p. : cm. ; 21 |
| 365 ## - TRADE PRICE | |
| Currency code | |
| Price amount | 27 |
| Withdrawn status | Lost status | Damaged status | Not for loan | Home library | Current library | Shelving location | Date acquired | Source of acquisition | Cost, normal purchase price | Full call number | Barcode | Date last seen | Copy number | Price effective from | Koha item type |
|---|---|---|---|---|---|---|---|---|---|---|---|---|---|---|---|
| IMTN | IMTN | Rack 26-B | 09/12/2011 | BWE | 21.95 | 658.403 ADA | 17642 | 06/24/2024 | 46.8 | 06/24/2024 | Books |